[Event "Open Bicentenario Móstoles 1808"]
[Site "Móstoles ESP"]
[Date "2008.05.23"]
[Round "4.12"]
[White "Cabañas Jimenez, Manuel"]
[Black "Alvarez Abejon, Amilcar"]
[Result "1/2-1/2"]
[WhiteElo "2032"]
[BlackElo "2108"]
[PlyCount "43"]
[EventDate "2008.05.20"]
[EventType "swiss"]
[EventRounds "1"]
[EventCountry "ESP"]
[Source "lmi"]
[SourceDate "2008.05.20"]

1. e4 c6 2. Nc3 d5 3. Qf3 dxe4 4. Nxe4 Nd7 5. d4 Ndf6 6. c3 Nxe4 7. Qxe4 Nf6 8.
Qc2 Bg4 9. Be2 Bxe2 10. Nxe2 g6 11. O-O Bg7 12. Bg5 O-O 13. Ng3 Qc7 14. Rfe1 c5
15. dxc5 Qxc5 16. Bxf6 exf6 17. Re2 f5 18. Rd1 Rad8 19. Red2 Rxd2 20. Rxd2 Bh6
21. Rd1 Re8 22. Qa4 1/2-1/2

[Event "Open Bicentenario Móstoles 1808"]
[Site "Móstoles ESP"]
[Date "2008.05.23"]
[Round "4.13"]
[White "Aguado Rodriguez, Guillermo"]
[Black "Prada Lopez, Miguel Angel"]
[Result "1-0"]
[WhiteElo "1860"]
[BlackElo "2184"]
[PlyCount "70"]
[EventDate "2008.05.20"]
[EventType "swiss"]
[EventRounds "1"]
[EventCountry "ESP"]
[Source "lmi"]
[SourceDate "2008.05.20"]

1. e4 c5 2. d4 cxd4 3. c3 dxc3 4. Nxc3 Nc6 5. Nf3 d6 6. Bc4 a6 7. O-O Nf6 8.
Bf4 e5 9. Bg3 Be7 10. Qe2 Bg4 11. Qe3 Bxf3 12. Qxf3 Nd4 13. Qd1 O-O 14. f4 Rc8
15. fxe5 dxe5 16. Bd5 Qb6 17. Kh1 Qxb2 18. Bxe5 Nc6 19. Rb1 Qa3 20. Rb3 Qa5 21.
Bxf6 Bxf6 22. Ne2 Ne7 23. Nf4 b5 24. Nh5 Be5 25. Rbf3 Nxd5 26. Qxd5 Qc7 27. Rf5
Rce8 28. Nf4 g6 29. Nxg6 hxg6 30. Rg5 Kg7 31. h4 Qc4 32. Qd1 Rh8 33. g3 Qxe4+
34. Kg1 Bd4+ 35. Kh2 Rxh4+ 1-0

[Event "Open Bicentenario Móstoles 1808"]
[Site "Móstoles ESP"]
[Date "2008.05.23"]
[Round "4.14"]
[White "Martos De La Vega, Alvaro"]
[Black "Lopez de Turiso, Jose Angel"]
[Result "0-1"]
[WhiteElo "1858"]
[BlackElo "2153"]
[PlyCount "54"]
[EventDate "2008.05.20"]
[EventType "swiss"]
[EventRounds "1"]
[EventCountry "ESP"]
[Source "lmi"]
[SourceDate "2008.05.20"]

1. d4 Nf6 2. c4 g6 3. Nc3 Bg7 4. e4 d6 5. Nf3 O-O 6. Be2 e5 7. O-O exd4 8. Nxd4
Re8 9. f3 c6 10. Be3 d5 11. cxd5 Nxd5 12. Nxd5 cxd5 13. Qb3 Nc6 14. Nxc6 bxc6
15. Rad1 Be6 16. Qc2 Qb8 17. b3 a5 18. Bf2 a4 19. Rb1 axb3 20. axb3 Qb4 21.
Rfd1 dxe4 22. fxe4 Rab8 23. Bc5 Bxb3 24. Rxb3 Qxb3 25. Qxb3 Rxb3 26. Bf3 Rb5
27. Rc1 Rxc5 0-1

[Event "Open Bicentenario Móstoles 1808"]
[Site "Móstoles ESP"]
[Date "2008.05.23"]
[Round "4.15"]
[White "Sanchez Naranjo, Jose Manuel"]
[Black "Toranzo Fernandez, Dionisio"]
[Result "1/2-1/2"]
[WhiteElo "2134"]
[BlackElo "2011"]
[PlyCount "82"]
[EventDate "2008.05.20"]
[EventType "swiss"]
[EventRounds "1"]
[EventCountry "ESP"]
[Source "lmi"]
[SourceDate "2008.05.20"]

1. e4 c5 2. Nf3 e6 3. d3 d5 4. Nbd2 Nc6 5. g3 Bd6 6. Bg2 Nge7 7. O-O O-O 8. Nh4
f5 9. f4 Rb8 10. exf5 exf5 11. Ndf3 d4 12. Re1 Qc7 13. Bd2 Bd7 14. Ng5 Rf6 15.
Nhf3 h6 16. Nh3 Be8 17. Ne5 Nxe5 18. fxe5 Bxe5 19. Rxe5 Qxe5 20. Bf4 Qe6 21.
Bxb8 Nc6 22. Bf4 g5 23. Bd2 Ne5 24. Qe2 Qd6 25. Re1 Re6 26. Kh1 Bf7 27. Qf1 Rf6
28. Bxb7 Nc6 29. Kg1 Bd5 30. Bxc6 Bxc6 31. c4 dxc3 32. Bxc3 Qd5 33. Nf2 Rf7 34.
h3 Qf3 35. Ne4 Bxe4 36. Qxf3 Bxf3 37. Re8+ Kh7 38. g4 Rd7 39. Rh8+ Kg6 40. Rg8+
Kh7 41. Rh8+ Kg6 1/2-1/2

[Event "Open Bicentenario Móstoles 1808"]
[Site "Móstoles ESP"]
[Date "2008.05.23"]
[Round "4.16"]
[White "Alcaraz Amoros, Antonio"]
[Black "Fuentes Arjona, Antonio"]
[Result "0-1"]
[WhiteElo "2123"]
[BlackElo "1992"]
[PlyCount "75"]
[EventDate "2008.05.20"]
[EventType "swiss"]
[EventRounds "1"]
[EventCountry "ESP"]
[Source "lmi"]
[SourceDate "2008.05.20"]

1. c4 Nf6 2. Nc3 d5 3. cxd5 Nxd5 4. e4 Nxc3 5. bxc3 c5 6. Nf3 Nc6 7. Rb1 e5 8.
Bb5 Bd6 9. O-O O-O 10. Bc4 Rb8 11. d3 Bg4 12. h3 Bh5 13. g4 Bg6 14. Kg2 Be7 15.
Be3 Kh8 16. Bd5 Qc7 17. Rh1 f6 18. Qe2 Nd8 19. c4 Bf7 20. Rb3 Nc6 21. Rhb1 b6
22. Qd2 Bd6 23. a4 Nd4 24. Bxd4 exd4 25. a5 Bxd5 26. axb6 Rxb6 27. Rxb6 Bxe4
28. Ra6 Bf4 29. Qe2 Bb7 30. Re6 Be5 31. Kg1 Bc8 32. Rxe5 fxe5 33. Qxe5 Qf7 34.
Ng5 Qxf2+ 35. Kh1 h6 36. Ne6 Bxe6 37. Qxe6 Qf3+ 38. Kg1 0-1

[Event "Open Bicentenario Móstoles 1808"]
[Site "Móstoles ESP"]
[Date "2008.05.23"]
[Round "4.17"]
[White "Arauz Alonso, Fernando"]
[Black "Vukotic Jovsic, Dragan"]
[Result "0-1"]
[WhiteElo "2051"]
[BlackElo "2073"]
[PlyCount "78"]
[EventDate "2008.05.20"]
[EventType "swiss"]
[EventRounds "1"]
[EventCountry "ESP"]
[Source "lmi"]
[SourceDate "2008.05.20"]

1. Nf3 Nf6 2. d4 d5 3. e3 e6 4. Bd3 c5 5. b3 Nc6 6. a3 Bd6 7. Bb2 Qe7 8. Ne5
Bd7 9. Nd2 O-O 10. O-O a6 11. c4 Rad8 12. f4 Be8 13. Ndf3 b5 14. cxd5 exd5 15.
Qe1 c4 16. Bc2 cxb3 17. Bxb3 b4 18. axb4 Nxb4 19. Kh1 Bb5 20. Rg1 Rb8 21. Bc3
Nd3 22. Nxd3 Bxd3 23. Ba4 Rbc8 24. Ne5 Bxe5 25. dxe5 Ne4 26. Bd4 Bc2 27. h3
Bxa4 28. Rxa4 Rc2 29. Qb4 Nf2+ 30. Kh2 Qh4 31. Rb1 Ng4+ 32. Kh1 Rfc8 33. Qe1
Nf2+ 34. Kh2 Ng4+ 35. Kh1 Nf2+ 36. Kh2 Qh5 37. Rxa6 Nxh3 38. Qd1 Qh4 39. Rh6
gxh6 0-1

[Event "Open Bicentenario Móstoles 1808"]
[Site "Móstoles ESP"]
[Date "2008.05.23"]
[Round "4.18"]
[White "Moreno Alberti, Manuel"]
[Black "Avendaño Mateos, Jose"]
[Result "0-1"]
[WhiteElo "2069"]
[BlackElo "1882"]
[PlyCount "128"]
[EventDate "2008.05.20"]
[EventType "swiss"]
[EventRounds "1"]
[EventCountry "ESP"]
[Source "lmi"]
[SourceDate "2008.05.20"]

1. e4 c6 2. d4 d5 3. exd5 cxd5 4. Nf3 Nf6 5. h3 Bf5 6. c4 Nc6 7. Nc3 e6 8. Be3
Be7 9. Be2 O-O 10. O-O a6 11. Ne5 Nb4 12. Rc1 dxc4 13. Bxc4 b5 14. Be2 Rc8 15.
a4 bxa4 16. Qxa4 a5 17. Rfd1 Bd6 18. Nc4 Ra8 19. Nb5 Be7 20. Ne5 Nfd5 21. Bd2
Bg5 22. Nf3 Bf4 23. Nc3 Qf6 24. Nxd5 Nxd5 25. Qa3 Rfb8 26. Rc5 Bd6 27. Rdc1
Bxc5 28. dxc5 Qxb2 29. Qa4 Qb3 30. Qd4 a4 31. Nh4 Qb2 32. Nxf5 exf5 33. Rc3
Qb1+ 34. Rc1 Qb2 35. Rc3 Nxc3 36. Bxc3 Qb1+ 37. Kh2 f6 38. Bf3 Ra7 39. c6 Qb6
40. Qd5+ Kh8 41. Qxf5 Qc7+ 42. g3 Re8 43. Bd4 Ra6 44. Qb5 Ra5 45. Qb4 Ra6 46.
Qc4 Ra5 47. Bc3 Rf5 48. Kg2 Rxf3 49. Kxf3 Rc8 50. Qxa4 Qxc6+ 51. Qxc6 Rxc6 52.
Bd2 g5 53. Be3 Kg7 54. Kg4 Kg6 55. Kf3 Kf5 56. Ba7 Rc3+ 57. Kg2 Ke4 58. Bb8 f5
59. h4 gxh4 60. gxh4 h5 61. Ba7 Kf4 62. Bb6 Kg4 63. Bd8 f4 64. Be7 Rc2 0-1

[Event "Open Bicentenario Móstoles 1808"]
[Site "Móstoles ESP"]
[Date "2008.05.23"]
[Round "4.19"]
[White "Aguado Garcia, Pablo"]
[Black "Sanchez Alvarez, Jorge"]
[Result "1-0"]
[WhiteElo "1798"]
[BlackElo "2038"]
[PlyCount "65"]
[EventDate "2008.05.20"]
[EventType "swiss"]
[EventRounds "1"]
[EventCountry "ESP"]
[Source "lmi"]
[SourceDate "2008.05.20"]

1. e4 e5 2. Nf3 Nf6 3. Bc4 Nxe4 4. Nc3 Nxc3 5. dxc3 f6 6. Nh4 g6 7. O-O Qe7 8.
Qg4 Nc6 9. Qg3 d6 10. f4 Be6 11. Bb5 O-O-O 12. Bxc6 bxc6 13. fxe5 dxe5 14. Qf3
Kb7 15. Be3 a6 16. Qxf6 Qxf6 17. Rxf6 Bc4 18. Rf2 Bd6 19. Nf3 Rhf8 20. Re1 Rde8
21. Ng5 Rxf2 22. Bxf2 h6 23. Ne4 Kc8 24. a4 Kd8 25. Nc5 Bxc5 26. Bxc5 Kd7 27.
Bf2 Bf7 28. Be3 g5 29. h4 gxh4 30. Bxh6 Kd6 31. Bg7 Bg6 32. Re2 Re7 33. Bf8 1-0

[Event "Open Bicentenario Móstoles 1808"]
[Site "Móstoles ESP"]
[Date "2008.05.23"]
[Round "4.20"]
[White "Laurentiu, Burlacu"]
[Black "Fernandez Martinez, Jose"]
[Result "0-1"]
[WhiteElo "2037"]
[BlackElo "1785"]
[PlyCount "80"]
[EventDate "2008.05.20"]
[EventType "swiss"]
[EventRounds "1"]
[EventCountry "ESP"]
[Source "lmi"]
[SourceDate "2008.05.20"]

1. e4 Nf6 2. e5 Nd5 3. c4 Nb6 4. d4 d6 5. f4 dxe5 6. fxe5 Nc6 7. Be3 Bf5 8. Nc3
e6 9. a3 Be7 10. b3 O-O 11. Nf3 h6 12. Bd3 Bxd3 13. Qxd3 Nd7 14. Qc2 f6 15.
exf6 Nxf6 16. Qg6 Qe8 17. Qxe8 Raxe8 18. h3 a6 19. O-O Rd8 20. Ne2 g5 21. b4
Ne4 22. Rac1 Nd6 23. d5 exd5 24. cxd5 Nf5 25. Bxg5 Rxd5 26. Bxe7 Nfxe7 27. Rc4
Rd3 28. Ned4 Nxd4 29. Nxd4 Rxf1+ 30. Kxf1 c6 31. Nc2 Nd5 32. Rg4+ Kf7 33. Ke2
Rb3 34. Rd4 Rg3 35. Kf2 Rc3 36. Rd2 Kg6 37. Re2 Kf7 38. g3 Kf6 39. h4 Kf7 40.
Kg2 Rxc2 0-1

[Event "Open Bicentenario Móstoles 1808"]
[Site "Móstoles ESP"]
[Date "2008.05.23"]
[Round "4.22"]
[White "Cortijo Manso, Luis"]
[Black "Sierra Bermejo, Gregorio"]
[Result "0-1"]
[WhiteElo "1701"]
[BlackElo "1793"]
[PlyCount "62"]
[EventDate "2008.05.20"]
[EventType "swiss"]
[EventRounds "1"]
[EventCountry "ESP"]
[Source "lmi"]
[SourceDate "2008.05.20"]

1. e4 e5 2. Nf3 Nf6 3. Nc3 Bb4 4. Nd5 Nxd5 5. exd5 d6 6. a3 Bc5 7. d4 exd4 8.
Nxd4 O-O 9. Be2 Re8 10. O-O Bxd4 11. Qxd4 Rxe2 12. c4 Re8 13. b4 Qf6 14. Qxf6
gxf6 15. Bh6 Re5 16. Rfe1 Nd7 17. Re3 Rxe3 18. fxe3 Ne5 19. Rf1 Bd7 20. h3 Nxc4
21. Rf3 Ne5 22. Rxf6 Re8 23. Rf4 Bb5 24. Kh2 Bd3 25. a4 f5 26. g4 fxg4 27. hxg4
Nf7 28. Rd4 Nxh6 29. Rxd3 Nxg4+ 30. Kg3 Rxe3+ 31. Rxe3 Nxe3 0-1

[Event "Open Bicentenario Móstoles 1808"]
[Site "Móstoles ESP"]
[Date "2008.05.26"]
[Round "5.1"]
[White "Sanchez, Joseph"]
[Black "Mirzoev, Azer"]
[Result "0-1"]
[WhiteElo "2507"]
[BlackElo "2543"]
[PlyCount "64"]
[EventDate "2008.05.20"]
[EventType "swiss"]
[EventRounds "1"]
[EventCountry "ESP"]
[Source "lmi"]
[SourceDate "2008.05.20"]

1. e4 e5 2. Nf3 Nc6 3. Bb5 a6 4. Ba4 d6 5. Bxc6+ bxc6 6. d4 exd4 7. Nxd4 c5 8.
Nf3 Bb7 9. O-O Nf6 10. Nc3 Be7 11. Re1 O-O 12. Bg5 h6 13. Bh4 Re8 14. e5 Nh7
15. Bxe7 Rxe7 16. Nd5 Re8 17. c4 Rb8 18. b3 Nf8 19. Rc1 Ng6 20. exd6 cxd6 21.
Qd2 Qd7 22. Rcd1 Bc6 23. Re3 Re6 24. h3 Rbe8 25. Rde1 Rxe3 26. Rxe3 Rxe3 27.
fxe3 Qe6 28. Kf2 Qf5 29. a3 Kh7 30. Ke2 Qb1 31. Qd3 Qb2+ 32. Nd2 Qe5 0-1

[Event "Open Bicentenario Móstoles 1808"]
[Site "Móstoles ESP"]
[Date "2008.05.26"]
[Round "5.2"]
[White "Pogorelov, Ruslan"]
[Black "Lariño Nieto, David"]
[Result "0-1"]
[WhiteElo "2423"]
[BlackElo "2422"]
[PlyCount "100"]
[EventDate "2008.05.20"]
[EventType "swiss"]
[EventRounds "1"]
[EventCountry "ESP"]
[Source "lmi"]
[SourceDate "2008.05.20"]

1. Nf3 Nf6 2. c4 g6 3. Nc3 Bg7 4. e4 d6 5. d4 O-O 6. Be2 Na6 7. O-O e5 8. Be3
Nh5 9. Bg5 Qe8 10. Re1 h6 11. Bh4 f5 12. exf5 gxf5 13. h3 Nf6 14. dxe5 dxe5 15.
c5 e4 16. Bxa6 bxa6 17. Nd4 Qg6 18. Nde2 Rb8 19. Nf4 Qf7 20. Re2 Kh7 21. Rd2
Nd7 22. Rc1 Ne5 23. b3 c6 24. Rd6 Rg8 25. Kh1 Bf8 26. Rf6 Qe8 27. Qd4 Bg7 28.
Nxe4 Nf3 29. gxf3 fxe4 30. Rg1 Bxf6 31. Rxg8 Kxg8 32. Qxf6 Kh7 33. Qd6 Rb7 34.
Kh2 Bf5 35. Bf6 exf3 36. Bc3 Qb8 37. Kg3 Be4 38. Qd4 Re7 39. Qf6 Qg8+ 40. Kh2
Rf7 41. Qe5 Rxf4 42. Qe7+ Qf7 43. Qe5 Bd5 44. Qh8+ Kg6 45. Bd2 Rh4 46. Kg3 Rh5
47. h4 Qc7+ 48. Bf4 Qg7 49. Qe8+ Kf5+ 50. Bg5 Rxg5+ 0-1

[Event "Open Bicentenario Móstoles 1808"]
[Site "Móstoles ESP"]
[Date "2008.05.26"]
[Round "5.3"]
[White "Roa Alonso, Santiago"]
[Black "Moreno Ruiz, Javier"]
[Result "1/2-1/2"]
[WhiteElo "2482"]
[BlackElo "2477"]
[PlyCount "48"]
[EventDate "2008.05.20"]
[EventType "swiss"]
[EventRounds "1"]
[EventCountry "ESP"]
[Source "lmi"]
[SourceDate "2008.05.20"]

1. Nf3 Nf6 2. c4 g6 3. d4 Bg7 4. g3 O-O 5. Bg2 d6 6. O-O Nbd7 7. Nc3 e5 8. dxe5
dxe5 9. h3 c6 10. Be3 Qe7 11. Qa4 Re8 12. Rad1 Nc5 13. Qa3 Bf8 14. Nd2 Be6 15.
Nb3 Nxb3 16. Qxe7 Bxe7 17. axb3 a6 18. Na4 Nd7 19. h4 Rac8 20. Nb6 Nxb6 21.
Bxb6 Bd8 22. Bc5 Be7 23. Bb6 Bd8 24. Bc5 Be7 1/2-1/2

[Event "Open Bicentenario Móstoles 1808"]
[Site "Móstoles ESP"]
[Date "2008.05.26"]
[Round "5.4"]
[White "Estrada Martinez, Cesar"]
[Black "Dolezal, Cristian"]
[Result "0-1"]
[WhiteElo "2253"]
[BlackElo "2436"]
[PlyCount "106"]
[EventDate "2008.05.20"]
[EventType "swiss"]
[EventRounds "1"]
[EventCountry "ESP"]
[Source "lmi"]
[SourceDate "2008.05.20"]

1. Nf3 g6 2. c4 Bg7 3. d4 c5 4. Nc3 d6 5. e4 Nc6 6. d5 Nd4 7. h3 e5 8. dxe6
fxe6 9. Be2 Ne7 10. O-O Nec6 11. Be3 O-O 12. Qd2 b6 13. Bh6 Bb7 14. Bxg7 Kxg7
15. Nh2 Rf7 16. g3 Qe7 17. f4 Raf8 18. Rf2 Nxe2+ 19. Nxe2 e5 20. Raf1 Nd4 21.
Nc3 h5 22. Qe3 exf4 23. Rxf4 Rxf4 24. Rxf4 Rxf4 25. Qxf4 g5 26. Qe3 Kg6 27. Nf3
Qf6 28. Kg2 Bc8 29. Ng1 Be6 30. Nd5 Qe5 31. b3 b5 32. Nc7 bxc4 33. Nxe6 Qxe6
34. bxc4 Qxc4 35. h4 Qxa2+ 36. Kh1 gxh4 37. gxh4 Kh7 38. Nh3 Qe2 39. Ng5+ Kg6
40. Qf4 Qe1+ 41. Kh2 Qg1+ 42. Kxg1 Ne2+ 43. Kf2 Nxf4 44. Kf3 Nd3 45. Ke3 Ne5
46. Ne6 a5 47. Nf4+ Kh6 48. Ne2 a4 49. Nc3 a3 50. Kf4 Kg6 51. Na2 Nd3+ 52. Ke3
Nb4 53. Nc1 a2 0-1

[Event "Open Bicentenario Móstoles 1808"]
[Site "Móstoles ESP"]
[Date "2008.05.26"]
[Round "5.5"]
[White "Martinez Tormo, Jorge"]
[Black "Kovacevic, Slobodan"]
[Result "1-0"]
[WhiteElo "2219"]
[BlackElo "2426"]
[PlyCount "155"]
[EventDate "2008.05.20"]
[EventType "swiss"]
[EventRounds "1"]
[EventCountry "ESP"]
[Source "lmi"]
[SourceDate "2008.05.20"]

1. e4 c5 2. Nf3 e6 3. d4 cxd4 4. Nxd4 a6 5. Bd3 Nf6 6. O-O d6 7. Nc3 Nbd7 8.
Be3 Be7 9. f4 O-O 10. Qf3 g6 11. Nde2 Qc7 12. g4 b5 13. g5 Ne8 14. Qh3 b4 15.
Nb1 Nc5 16. Rc1 f5 17. Nd2 Bb7 18. Ng3 Ng7 19. exf5 exf5 20. Bf1 Na4 21. b3 Nc3
22. Ne2 Nd5 23. Bf2 Ne6 24. Qg3 Rfe8 25. c4 Nb6 26. Nd4 Ng7 27. Bg2 Nh5 28. Qh4
Bxg2 29. Kxg2 Ng7 30. Qg3 Nd7 31. Qf3 Nc5 32. Re1 Bf8 33. Nc2 a5 34. Nd4 Qf7
35. Rxe8 Rxe8 36. Re1 Nh5 37. Rxe8 Qxe8 38. Qd5+ Kh8 39. Kf3 Nd3 40. Ne6 Nxf2
41. Kxf2 h6 42. h4 hxg5 43. hxg5 Qc8 44. Nf3 Be7 45. Nfd4 Bf8 46. Qxa5 Bg7 47.
Qa7 Kg8 48. Kf3 Bxd4 49. Nxd4 Ng7 50. Qe7 Qa8+ 51. Ke3 Qh1 52. Ne2 Qd1 53. Qf6
Kh7 54. Qd4 Qc2 55. Qxd6 Qxa2 56. Qxb4 Qa7+ 57. Kf3 Qa8+ 58. Kf2 Qa7+ 59. c5
Ne6 60. Qb6 Qe7 61. Qd6 Qxd6 62. cxd6 Kg7 63. Ke3 Kf7 64. b4 Ke8 65. Nd4 Nd8
66. Nf3 Kd7 67. Ne5+ Kxd6 68. Nxg6 Ne6 69. Ne5 Kd5 70. Nf7 Ng7 71. b5 Ne6 72.
Nh6 Ng7 73. b6 Kc6 74. Kd4 Kxb6 75. Ke5 Kc7 76. Nxf5 Nh5 77. g6 Kd7 78. g7 1-0

[Event "Open Bicentenario Móstoles 1808"]
[Site "Móstoles ESP"]
[Date "2008.05.26"]
[Round "5.6"]
[White "Barria Zuñiga, Daniel"]
[Black "Lopez Andujar Ocana, Antonio"]
[Result "1-0"]
[WhiteElo "2422"]
[BlackElo "2167"]
[PlyCount "55"]
[EventDate "2008.05.20"]
[EventType "swiss"]
[EventRounds "1"]
[EventCountry "ESP"]
[Source "lmi"]
[SourceDate "2008.05.20"]

1. d4 Nf6 2. c4 e6 3. Nf3 c5 4. d5 b5 5. dxe6 fxe6 6. cxb5 d5 7. e3 Bd6 8. Nc3
O-O 9. g3 Bb7 10. Bg2 Qe7 11. O-O Nbd7 12. Nd2 Nb6 13. a4 a5 14. b3 Kh8 15. Bb2
Rac8 16. e4 d4 17. Ncb1 e5 18. Na3 c4 19. Naxc4 Nxc4 20. Nxc4 Nxe4 21. Nxa5 Nc3
22. Bxc3 Bxg2 23. Kxg2 dxc3 24. Qd5 Ba3 25. Nc4 Qc5 26. Qxc5 Bxc5 27. Rac1 Bd4
28. f4 1-0

[Event "Open Bicentenario Móstoles 1808"]
[Site "Móstoles ESP"]
[Date "2008.05.26"]
[Round "5.7"]
[White "Lopez Rodriguez, Walter"]
[Black "Serrano Salvador, Eduardo"]
[Result "0-1"]
[WhiteElo "2167"]
[BlackElo "2361"]
[PlyCount "82"]
[EventDate "2008.05.20"]
[EventType "swiss"]
[EventRounds "1"]
[EventCountry "ESP"]
[Source "lmi"]
[SourceDate "2008.05.20"]

1. Nf3 Nf6 2. d4 e6 3. g3 b5 4. Qd3 a6 5. e4 Bb7 6. Nbd2 c5 7. c3 cxd4 8. cxd4
Bb4 9. e5 Ne4 10. Bg2 Nxd2 11. Bxd2 Be7 12. O-O Bd5 13. Rfe1 Nc6 14. a3 O-O 15.
Rad1 h6 16. Qe3 Rc8 17. Bf1 f5 18. exf6 Rxf6 19. Nh4 Nxd4 20. Bc3 Nc2 21. Qd2
Nxe1 22. Qxe1 Rxc3 23. Qxc3 Qb6 24. Rd2 Bc5 25. Qc2 g5 26. Ng6 Ba8 27. Bg2 Bxg2
28. Kxg2 Qc6+ 29. Kg1 Bxf2+ 30. Rxf2 Qxc2 31. Rxc2 Rxg6 32. Kf2 Kf7 33. Ke3 Ke7
34. Kd4 Rf6 35. Kc5 g4 36. Rd2 e5 37. Re2 Rc6+ 38. Kd5 Rd6+ 39. Kc5 Ke6 40. Rf2
Rc6+ 41. Kb4 d5 0-1

[Event "Open Bicentenario Móstoles 1808"]
[Site "Móstoles ESP"]
[Date "2008.05.26"]
[Round "5.8"]
[White "Beltran de Heredia Eguiazabal, Miguel Angel"]
[Black "Madina Yadarola, Martin"]
[Result "0-1"]
[WhiteElo "1948"]
[BlackElo "2277"]
[PlyCount "86"]
[EventDate "2008.05.20"]
[EventType "swiss"]
[EventRounds "1"]
[EventCountry "ESP"]
[Source "lmi"]
[SourceDate "2008.05.20"]

1. e4 b6 2. d4 Bb7 3. Nc3 e6 4. Bd3 Nc6 5. Nf3 Nb4 6. O-O Nxd3 7. Qxd3 Bb4 8.
a3 Bxc3 9. bxc3 Nf6 10. Re1 h6 11. e5 Nd5 12. c4 Ne7 13. a4 c5 14. c3 Rc8 15.
Nd2 d6 16. exd6 Qxd6 17. d5 O-O 18. Ne4 Qe5 19. Bxh6 gxh6 20. Nxc5 Qc7 21. Nxb7
Qxb7 22. Qg3+ Kh7 23. Qd3+ Ng6 24. h4 f5 25. h5 Nf4 26. Qf3 Rxc4 27. Rad1 Rg8
28. g3 Nh3+ 29. Kh2 Ng5 30. Qd3 Qxd5 31. Qxd5 exd5 32. Re7+ Rg7 33. Rxg7+ Kxg7
34. Rxd5 Kf6 35. Rd6+ Ne6 36. a5 bxa5 37. Ra6 a4 38. f4 Ke7 39. Rxa7+ Kd6 40.
Ra6+ Kd5 41. Kg2 Nc5 42. Rxh6 a3 43. Rh7 a2 0-1

[Event "Open Bicentenario Móstoles 1808"]
[Site "Móstoles ESP"]
[Date "2008.05.26"]
[Round "5.9"]
[White "Fuentes Arjona, Antonio"]
[Black "Morales Rivera, John Alexander"]
[Result "0-1"]
[WhiteElo "1992"]
[BlackElo "2298"]
[PlyCount "120"]
[EventDate "2008.05.20"]
[EventType "swiss"]
[EventRounds "1"]
[EventCountry "ESP"]
[Source "lmi"]
[SourceDate "2008.05.20"]

1. e4 c5 2. Nf3 e6 3. d4 cxd4 4. Nxd4 Qb6 5. Nc3 Bc5 6. Na4 Qa5+ 7. Nc3 Bb4 8.
Bd2 Nc6 9. Nb3 Qd8 10. Nb5 Bf8 11. Bf4 e5 12. Be3 d6 13. c4 Nf6 14. f3 a6 15.
Nc3 Be6 16. Nd5 Bxd5 17. cxd5 Nb8 18. Qd2 b6 19. Rc1 Be7 20. Qb4 Nfd7 21. Nd2
Nc5 22. Qa3 O-O 23. b4 Ncd7 24. Be2 a5 25. Bb5 Na6 26. Bxa6 Rxa6 27. b5 Ra7 28.
Rc6 Nc5 29. Nc4 Rb7 30. O-O f5 31. Bxc5 bxc5 32. b6 fxe4 33. fxe4 Rxf1+ 34.
Kxf1 Bf8 35. Qf3 Rf7 36. Nxa5 Qg5 37. Qxf7+ Kxf7 38. Rc7+ Kg6 39. b7 Qf4+ 40.
Kg1 Qc1+ 41. Kf2 Qb2+ 42. Kf3 Qa3+ 43. Ke2 Qxa2+ 44. Kf3 Qa3+ 45. Ke2 Qb2+ 46.
Kf3 Qc3+ 47. Ke2 Qc2+ 48. Kf3 Qd3+ 49. Kf2 Qd2+ 50. Kf3 Qf4+ 51. Ke2 Qxe4+ 52.
Kf1 Qb1+ 53. Ke2 e4 54. Ke3 Kg5 55. Rc8 Qd3+ 56. Kf2 Qd2+ 57. Kf1 e3 58. h4+
Kg4 59. Kg1 Kg3 60. Rxf8 Qxg2# 0-1

[Event "Open Bicentenario Móstoles 1808"]
[Site "Móstoles ESP"]
[Date "2008.05.26"]
[Round "5.10"]
[White "Vega Gomez, Francisco Borja"]
[Black "Cabañas Jimenez, Manuel"]
[Result "0-1"]
[WhiteElo "2150"]
[BlackElo "2032"]
[PlyCount "32"]
[EventDate "2008.05.20"]
[EventType "swiss"]
[EventRounds "1"]
[EventCountry "ESP"]
[Source "lmi"]
[SourceDate "2008.05.20"]

1. Nf3 Nf6 2. g3 g6 3. Bg2 Bg7 4. d4 O-O 5. O-O d5 6. c4 dxc4 7. Na3 c3 8. bxc3
c5 9. Nc4 Nc6 10. Nfe5 Nd5 11. Nxc6 bxc6 12. Qd2 Nxc3 13. Qxc3 Bxd4 14. Qa3
Bxa1 15. Qxc5 Be6 16. Ne5 Bd4 0-1

[Event "Open Bicentenario Móstoles 1808"]
[Site "Móstoles ESP"]
[Date "2008.05.26"]
[Round "5.11"]
[White "Alvarez Abejon, Amilcar"]
[Black "Camarero Izquierdo, Juan Carlos"]
[Result "1-0"]
[WhiteElo "2108"]
[BlackElo "1959"]
[PlyCount "91"]
[EventDate "2008.05.20"]
[EventType "swiss"]
[EventRounds "1"]
[EventCountry "ESP"]
[Source "lmi"]
[SourceDate "2008.05.20"]

1. e4 c5 2. Nf3 d6 3. d4 cxd4 4. Nxd4 Nf6 5. Nc3 a6 6. Be2 e6 7. O-O b5 8. Bf3
e5 9. Nf5 Be6 10. Bg5 g6 11. Bxf6 Qxf6 12. Nxd6+ Bxd6 13. Qxd6 Nd7 14. Rad1 Rd8
15. Qxa6 O-O 16. Qxb5 Rb8 17. Qa6 Rxb2 18. Rxd7 Rxc2 19. Nd5 Qg5 20. Rc7 Rb2
21. Ra7 h5 22. Ra8 Rxa8 23. Qxa8+ Kg7 24. Qa3 Rc2 25. Qb3 Rc8 26. a4 h4 27. Qe3
Qd8 28. Rd1 Qh8 29. h3 f6 30. Qa7+ Kh6 31. Qe7 Bxd5 32. Rxd5 Rc1+ 33. Rd1 Rc2
34. Rd8 Rc1+ 35. Kh2 Qg7 36. Qxg7+ Kxg7 37. a5 Rf1 38. a6 Ra1 39. Rd7+ Kh6 40.
a7 Kg5 41. Be2 Kf4 42. Bc4 Kxe4 43. Bd5+ Kf4 44. a8=Q Rf1 45. g3+ Kg5 46. gxh4+
1-0

[Event "Open Bicentenario Móstoles 1808"]
[Site "Móstoles ESP"]
[Date "2008.05.26"]
[Round "5.12"]
[White "Vukotic Jovsic, Dragan"]
[Black "Avendaño Mateos, Jose"]
[Result "1-0"]
[WhiteElo "2073"]
[BlackElo "1882"]
[PlyCount "57"]
[EventDate "2008.05.20"]
[EventType "swiss"]
[EventRounds "1"]
[EventCountry "ESP"]
[Source "lmi"]
[SourceDate "2008.05.20"]

1. d4 d5 2. e3 Nf6 3. Bd3 Bg4 4. f3 Bh5 5. c4 e6 6. Qb3 b6 7. Nc3 Bg6 8. Be2
Be7 9. Nh3 c6 10. O-O h6 11. Bd2 O-O 12. Nf4 Bh7 13. cxd5 Nxd5 14. Ncxd5 cxd5
15. Rac1 Nd7 16. Ba6 Rb8 17. a4 Bd6 18. e4 e5 19. dxe5 Bc5+ 20. Kh1 dxe4 21. e6
Ne5 22. Bc3 Qg5 23. exf7+ Kh8 24. Ne6 Qh5 25. g4 Qxf7 26. Bxe5 exf3 27. Bxg7+
Kg8 28. Bc4 f2 29. Nxc5 1-0

[Event "Open Bicentenario Móstoles 1808"]
[Site "Móstoles ESP"]
[Date "2008.05.26"]
[Round "5.13"]
[White "Barco Cardona, Juan Carlos"]
[Black "Aguado Garcia, Pablo"]
[Result "1-0"]
[WhiteElo "2041"]
[BlackElo "1798"]
[PlyCount "35"]
[EventDate "2008.05.20"]
[EventType "swiss"]
[EventRounds "1"]
[EventCountry "ESP"]
[Source "lmi"]
[SourceDate "2008.05.20"]

1. e4 e5 2. Nf3 Nc6 3. Bb5 f5 4. d4 fxe4 5. Nxe5 Nxe5 6. dxe5 c6 7. Nc3 cxb5 8.
Nxe4 d5 9. exd6 Nf6 10. Qd4 Qd7 11. Nxf6+ gxf6 12. Bf4 Bg7 13. O-O-O O-O 14.
Rhe1 Rf7 15. Qd5 Bf8 16. Rd3 Qf5 17. Rg3+ Bg7 18. Re8# 1-0